000 00498nam a2200181Ia 4500
999 _c8940
_d8940
003 OSt
005 20201009120126.0
008 190216s9999||||xx |||||||||||||| ||und||
020 _a9788188801039
040 _coclc
082 _a004
_bSET/C
100 _aSethumadhavan, P
_95528
245 0 _aComputer Oru Padanam /
_cP Sethumadhavan
260 _bLipi Publications,
_aKozhikode:
_c2004.
300 _a93p
650 _aComputer
942 _cBK
_2ddc
_h004
_iSET/C
_k004
_mSET/C